000
00214nam a2200097Ia 4500
008
190216s9999||||xx |||||||||||||| ||und||
100
_a
Null
245
0
_a
Hindi-Pad Prasoon
260
_b
Ramanarayaralal
942
_c
BK
999
_c
18055
_d
18055